Регионална библиотека "Любен Каравелов" - Русе

Кризата идва (Запис номер 80037)

MARC детайли
000 -Лидер
Контролно поле с фиксирана дължина 01793nam a2200397 c 4500
003 - Код на организацията, давaща контролен номер
Контролно поле BLK
005 - Дата и час на последна редакция
Контролно поле 20221210095832.0
008 - Елементи от данни с фиксирана дължина
fixed length control field 180408b bul|||||r ||||||| ||bul||
010 ## - Наследен системен номер
LC control number KNG00084521000
020 ## - Международен стандартен номер на книга ISBN
Международен стандартен номер на книга ISBN 978-954-92212-2-0
-- издат.: Еастра холдинг груп
040 ## - Източник на каталожния запис
Идентификатор на билиотеката - собственик на записа BLK
041 ## - Код за език
Код за езика на текст/звукозапис или на отделно заглавие Български
Код за езика КДБФ Български
080 ## - УДК
Текстов определител УДК Стопански кризи. Депресии
УДК код - определител по УДК 338.124.4
УДК определител
УДК - код + определител 338.124.4
080 ## - УДК
Текстов определител УДК Международни икономически отношения. Външностопанска политика. Световно стопанство
УДК код - определител по УДК 339.9
УДК определител
УДК - код + определител 339.9
100 1# - Редна дума - Автор
Автор Оте, Макс
Авторска отговорност първи автор
R(LIN) 299463
139 ## - Редно поле
Редна дума Оте, Макс
Авторски знак Оте - О 90
245 10 - Сведения за заглавието
Заглавие Кризата идва
Подзаглавни данни Новата световна икономическа криза и как да се подготвите за нея
Редно поле (дума) Макс Оте; прев. от нем. Добринка Лазарова.
257 ## - Страна на издаване
Страна на създаване/издаване Германия
260 ## - Област на издателските данни
-- София
Име на издателя, разпространителя и проч. Еастра холдинг груп
Година на издаване 2008
Печатница София : Мултипринт
300 ## - Физическа характеристика
Страници 305 с.
Илюстрации и др. с диагр.
Размери/Мащаб 20 см
380 ## - Жанр
Жанр Обществени науки
500 ## - Общи забележки
Забележка Ориг. загл. Der Crast kommt / Max Otte. - Библиогр. с. 295-303
504 ## - Забележка за наличие на библиография и др
Забележка за наличие на библиография и под. 295-303
650 #4 - Допълнително описание по предмет – тема
Основно описание – тема или топоним Икономически кризи
9 (RLIN) 281535
650 #4 - Допълнително описание по предмет – тема
Основно описание – тема или топоним Световно стопанство
9 (RLIN) 251664
653 ## - Ключова дума – ненормативна
Ключова дума икономическа криза
653 ## - Ключова дума – ненормативна
Ключова дума финансови пазари
653 ## - Ключова дума – ненормативна
Ключова дума икономически измами
653 ## - Ключова дума – ненормативна
Ключова дума световна икономика
700 1# - Други автори (авторска отговорност)
Лично име Лазарова, Добринка
Автороска отговорност (Описва отношението между автора и произведението) прев. от нем.
9 (RLIN) 280124
852 ## - Местоположение
Форматна сигнатура Цб 240567
856 4# - Електронен адрес и достъп
Електронен формат pdf - файл
Път до файла /url/
856 4# - Електронен адрес и достъп
Електронен формат pdf - файл
Път до файла /url/
942 ## - АРТИКУЛИ
Вид на библиотечния материал Книги
Скрит в OPAC Не
Koha issues (borrowed), all copies 4
944 ## - СЪЗДАВАНЕ И РЕДАКЦИЯ на ЗАПИСА
Създаване/Редакция Създаване
Дата на регистрацията/редакция 17.07.2008
Служител, извършил регистрацията/редакцията Виолета_Тройчева
944 ## - СЪЗДАВАНЕ И РЕДАКЦИЯ на ЗАПИСА
Създаване/Редакция Редакция
Дата на регистрацията/редакция 08.05.2014
Служител, извършил регистрацията/редакцията
999 ## - СИСТЕМНИ КОНТРОЛНИ НОМЕРА
Koha biblionumber 80037
Koha biblioitemnumber 80037
Наличности
Код за отписване Код за изгубен артикул Код за повреда Коз за рестрикции Код за отдаване Артикулен № Име на библиотеката - собственик Име на библиотеката, в която се намира в момента Статус (Текущо местоположение) Дата на вписване в системата Местоположение - отдел Цена в лева Инвентарен номер Систематично азбучна сигнатура Баркод Номер на екземпляра Цена в евро Служебна бележка Служебен тип на артикула
  Не е изгубен Не е повреден без рестрикции заемане за дома 129665 Регионална библиотека "Любен Каравелов" Русе Регионална библиотека "Любен Каравелов" Русе Заемна - подръчен фонд 2008-07-17 Заемна - подръчен фонд 20.00 120000727524 П 338/О 90 120000727524 1 10.23 Дост: Pk Вид: Ф N: 5996 Дата: 16.07.2008 Дата инв: 05.02.2018 Бележки инв: П2018 Книги
  Не е изгубен Не е повреден без рестрикции заемане за дома 129666 Регионална библиотека "Любен Каравелов" Русе Регионална библиотека "Любен Каравелов" Русе Заемна - подръчен фонд 2008-07-17 Заемна - подръчен фонд 20.00 120000727525 П 338/О 90 120000727525 2 10.23 Дост: Pk Вид: Ф N: 5996 Дата: 16.07.2008 Дата инв: 05.02.2018 Бележки инв: П2018 Книги
  Не е изгубен Не е повреден без рестрикции ползва се в читалня 129667 Регионална библиотека "Любен Каравелов" Русе Регионална библиотека "Любен Каравелов" Русе Хранилище 2014-05-07 Хранилище 20.00 120000777081 Цб 240567 120000777081 3 10.23 Дост: Dp Вид: Д N: 24 Дата: 08.06.2013 Книги
Vip Innovations Ltd, Rousse, Bulgaria 2025